Library Banner

Inside Baluchistan (Record no. 82891)

MARC details
000 -LEADER
fixed length control field 00443nam a22001457a 4500
005 - DATE AND TIME OF LATEST TRANSACTION
control field 20160217102021.0
008 - FIXED-LENGTH DATA ELEMENTS--GENERAL INFORMATION
fixed length control field 160217b xxu||||| |||| 00| 0 eng d
040 ## - CATALOGING SOURCE
Transcribing agency PK-LaUMT
082 ## - DEWEY DECIMAL CLASSIFICATION NUMBER
Classification number AMC 954.9150350924
Item number MIR-I
100 ## - MAIN ENTRY--PERSONAL NAME
Personal name Mir Ahmad yar
245 ## - TITLE STATEMENT
Title Inside Baluchistan
Remainder of title a politial autobiography of his highness baiglar baigi: khan-E-AzamXIII
Statement of responsibility, etc Mir Ahmad yar
260 ## - PUBLICATION, DISTRIBUTION, ETC. (IMPRINT)
Place of publication, distribution, etc Karachi
Name of publisher, distributor, etc Royal book
Date of publication, distribution, etc 1975
300 ## - PHYSICAL DESCRIPTION
Extent 352 p.
942 ## - ADDED ENTRY ELEMENTS (KOHA)
Koha item type Books
Holdings
Withdrawn status Lost status Damaged status Home library Current library Date acquired Full call number Barcode Date last seen Price effective from Koha item type
      UMT Main Campus UMT Main Campus 2016-02-17 AMC 954.9150350924 MIR-I 85640 2018-11-28 2016-02-17 Books